000
00315nam a22001337a 4500
008
170721b xxu||||| |||| 00| 0 eng d
020
_a
020107293
041
_a
eng
080
_a
004
100
_a
28
101
_a
SHKI
245
_a
INTRODUCTION TO MINICOMPUTERS AND MICROCOMPUTERS
_c
SLOAN, M.E
942
_2
udc
_c
BK
999
_c
21751
_d
21751